| 000 | 00416nam a22001697a 4500 | ||
|---|---|---|---|
| 005 | 20200521110641.0 | ||
| 008 | 200521b xxu||||| |||| 00| 0 eng d | ||
| 020 | _a9789374736494 | ||
| 041 | _aeng | ||
| 082 | _a615.88 SIN | ||
| 100 |
_aSingh,Dr Amritpal _95670 |
||
| 245 | _aA Textbook of Traditional Medicine | ||
| 260 |
_aDelhi _bAITBS PUBLICATION |
||
| 300 | _a287p. | ||
| 650 |
_aPharmacy _95673 |
||
| 942 | _cBK | ||
| 999 |
_c6366 _d6364 |
||